00784nam a2200133Ia 4500001000600000008004100006100003800047245021500085260003200300300001000332502008100342650014800423700007900571Z_437220601s9999 xx 000 0 und d aGonzález Medina, Sergio Armando aEvaluación del valor nutritivo de la parota (Enterolobium cyclocarpum) en la alimentación de ovinos / por Sergio Armando González Medina, Nohemí Ariceaga Sánchez y Nicolás Alberto Altamirano Gómez aChapingo, Méx. : El autor a41 h. aTesis (Ing. Agrónomo Esp. en Zootecnia) -- UACH. Departamento de Zootecnia a1. Enterolobium cyclocarpum 2. Ganado lanar - Alimentación 3. Arboles como forraje 4. Alimentos y alimentación del ganado - Valor nutritivo aAriceaga Sánchez, Nohemí II. Altamirano Gómez, Nicolás AlbertoÌ